Widok standardowy
Widok MARC
Pozycja Personal Name
Liczba rekordów, w których użyto hasła: 1
001 - Numer kontrolny
- control field: 40870
003 - Identyfikator numeru kontrolnego
- control field: NUKAT
005 - Data i czas ostatniej modyfikacji
- control field: 20260429125109.0
008 - Dane kontrolne kodowane (40 znaków)
- fixed length control field: 200625n||azznnbabn |a aaa |c
010 ## - Numer kontrolny Biblioteki Kongresu
- numer kontrolny LC: p 2020079857
035 ## - Numer systemowy
- numer systemowy: (PL)a1000000784407
040 ## - Instytucja sporządzająca rekord
- inst. przygot. dane do rek. khw: WA N
- język haseł przedmiotowych/tezaurus: DBN
- inst. wprow. rek. khw: WA N
043 ## - Kod obszaru geograficznego
- ISO code: PL
046 ## - Special dates
- Birth date: 1916
- Death date: 2000
100 1# - Hasło - nazwa osobowa
- nazwa osobowa w formie ujednoliconej: Kajda, Jan
- daty biograficzne: (1916-2000)
370 ## - Associated place
- Country: Polska
372 ## - Field of activity
- Field: Wojska Ochrony Pogranicza
374 ## - Occupation
- Occupation: Przestępcy
374 ## - Occupation
- Occupation: Żołnierze
375 ## - Gender
- Gender: 1
- Source of term: iso5218
377 ## - Assoc lang
- Lang code: pol
670 ## - Źródło informacji
- źródło informacji: Tajemnice strażnicy WOP w Konarach (1945-1947) / Artur Ochał. - Warszawa ; Szczecin, 2020.
- gdzie znaleziono informację: Dzieło na temat